000 00489nam a22001817a 4500
003 MPLRDC
005 20220104194431.0
008 210129b ||||| |||| 00| 0 eng d
020 _aISSN0128-9160
082 _a050.9 DJ v. 245
100 _a王莉琄 主编
245 _a大家健康 V.245 03/2014
_c
250 _a初版
260 _a马来西亚
_bNANYANG PRESS HOLDINGS BERHAD
_c2014
300 _b
650 _a期刊--大家健康 LONG LIFE
942 _cMGZ
_o050.9 DJ v. 245
999 _c65675
_d65665